000 01246cas a22003737a 4500
005 20220329142006.0
008 011298c1978 nl zr pernn 0 0b1eng d
010 _a76738
011 _a77710
022 0 _a0378-4290
035 _a87393
245 0 0 _aField Crops Research
260 0 _aAmsterdam :
_bElsevier,
_c1978-
300 _av. :
_bgráfs.
310 _a5 vol. por año, 4 núm. por vol.
321 _aCuatrimestral
362 1 _av.59 n.1, 1998
590 _aBATCH-UPD
_b10
_c20130110
_lUCH01
_h0506
590 _aBATCH-UPD
_b10
_c20130410
_lUCH01
_h0144
590 _aBATCH-UPD
_b10
_c20130914
_lUCH01
_h1121
590 _aCONVERSION
_b10
_c20130109
_lUCH01
_h1342
650 1 4 _aCultivos
_xPublicaciones periódicas.
_930313
650 1 4 _aSistemas de cultivo
_xPublicaciones periódicas.
_9106751
866 _av.1 n.1-v.51 n.3 (1978-1997)
866 _av.100 n.1-v.104 n.3 - (2007)
866 _av.105 n.1-v.109 n.3 - (2008)
866 _av.110 n.1-v.114 n.1 - (2009)
866 _av.65 n.1-v.87 n.3 (2000-2004)
866 _av.88 n.1-v. 90 n.3 (2004)
866 _av.95 n.2-3 - (2006)
866 _av.96 n.1-v.99 n.3 - (2006)
901 _aSE
905 _aLilia Sánchez G.
999 _c76738
_d76738